20 Aspectos básicos de la entrevista en la investigación policial (Registro nro. 5852)

Detalles MARC
000 -Cabecera
Campo de control de longitud fija 00787ata a2200277 4500
005 - Fecha y hora de la última transacción
Campo de control 20250922155448.0
008 - Elementos de longitud fija--Información general
Campo de control de longitud fija 150521b2009 xxu||||| |||| 00| 0 spa d
020 ## - International Standard Book Number
Número Internacional Estándar del Libro (ISBN) 9786070017896
041 ## - Idioma
Código de idioma Español
082 ## - Clasificación Decimal Dewey
Número de clasificación 363.25 A148a
100 ## - Entrada principal--Autor personal
Nombre personal Abizaid Pérez, Mauricio R.
9 (RLIN) 30301
245 ## - Título propiamente dicho
Título 20 Aspectos básicos de la entrevista en la investigación policial
260 ## - Pie de imprenta
Lugar de publicación, distribución, etc. México
260 ## - Pie de imprenta
Nombre del editor, distribuidor, etc. Ubijus
260 ## - Pie de imprenta
Fecha de publicación, distribución, etc. 2009
300 ## - Descripción física
Extensión 27 páginas
490 ## - Serie
Título de la Serie Investigación Criminal
650 ## - Materia general
Temática (materia general) INVESTIGACIÓN CRIMINAL
650 ## - Materia general
Temática (materia general) INTERROGATORIO POLICIAL
650 ## - Materia general
Temática (materia general) ENTREVISTA POLICIAL
650 ## - Materia general
Temática (materia general) ENTREVISTA A UN RESPONSABLE
650 ## - Materia general
Temática (materia general) ENTREVISTA A TESTIGOS
650 ## - Materia general
Temática (materia general) INVESTIGACIÓN POLICIAL
650 ## - Materia general
Temática (materia general) ENTREVISTADOR POLICIAL
942 ## - Punto de acceso adicional KOHA
Tipo de ítem KOHA Libro
Fuente del sistema de clasificación o colocación Dewey Decimal Classification
Existencias
Signatura completa Código de barras Programa Académico Tipo de ítem
363.25 A148a 14992 Investigación Criminal Libro
363.25 A148a 14993 Investigación Criminal Libro